00259nam a2200085Ia 4500008004100000041000800041100001600049245006600065260004200131231107s2016 xx 000 0 und d aeng aWorpole Ken aContemporary Library Architecture : A Planning & Design Guide aLondonbDelmar Cengage Learningc2016